[Event "Maringa op 3rd"]
[Site "Maringa"]
[Date "2013.07.25"]
[Round "3"]
[White "Chang, Suzana"]
[Black "Utiyama, Marcel Heimar Ribei"]
[Result "0-1"]
[WhiteElo "1998"]
[BlackElo "2185"]
[PlyCount "64"]
[EventDate "2013.07.24"]
[EventType "swiss"]
[EventRounds "8"]
[EventCountry "BRA"]
[SourceTitle "CBM 155 Extra"]
[Source "ChessBase"]
[SourceDate "2013.08.26"]
[SourceVersion "1"]
[SourceVersionDate "2013.08.26"]
[SourceQuality "1"]

1. e4 c5 2. Nf3 Nc6 3. Bb5 Nd4 4. Nxd4 cxd4 5. 0-0 g6 6. c3 Qb6 7. Bc4 Bg7 8. d3 e6 9. cxd4 Bxd4 10. Nc3 a6 11. Qe2 Ne7 12. Bh6 d6 13. Rac1 Bd7 14. Rc2 Nc6 15. Kh1 0-0-0 16. a3 Kb8 17. Qf3 f5 18. Qd1 Ne5 19. Bg7 Rhg8 20. Bxe5 dxe5 21. Qb1 Rgf8 22. Qa2 Ka7 23. Qb3 Qxb3 24. Bxb3 Bxc3 25. Rxc3 fxe4 26. Kg1 Bb5 27. a4 Bxd3 28. Rfc1 Rd6 29. h4 Rb6 30. Re1 Rb4 31. Re3 Rd8 32. Re1 Rd6 0-1